[Event "Caspian Cup 19th"]
[Site "Rasht"]
[Date "2023.02.14"]
[Round "3"]
[White "Tahbaz, Arash"]
[Black "Salar, Milad"]
[Result "1-0"]
[WhiteElo "2454"]
[BlackElo "2205"]
[PlyCount "95"]
[EventDate "2023.02.12"]
[EventType "swiss"]
[EventRounds "9"]
[EventCountry "IRI"]
[SourceTitle "EXT 2024"]
[Source "ChessBase"]
[SourceDate "2023.10.10"]
[SourceVersion "1"]
[SourceVersionDate "2023.10.10"]
[SourceQuality "1"]

1. d4 Nf6 2. Nf3 g6 3. Bf4 Bg7 4. e3 d6 5. h3 0-0 6. c3 c5 7. dxc5 dxc5 8. Nbd2 Nc6 9. Qc2 Nd5 10. Bh2 a6 11. Rd1 Be6 12. Ng5 Bh6 13. Nxe6 fxe6 14. Qe4 Rf6 15. Nb3 Qf8 16. Nxc5 Qf7 17. Bg3 b6 18. Nd7 Rf5 19. Nxb6 Rf8 20. Bc4 Re5 21. Bxd5 Rxe4 22. Bxe4 Na7 23. c4 Bg7 24. 0-0 Bxb2 25. Rd7 Nc8 26. c5 Qf6 27. Rc7 Nxb6 28. cxb6 Be5 29. Bxe5 Qxe5 30. f3 Rb8 31. Rb1 Kf7 32. Rc2 Qg5 33. b7 Qxe3+ 34. Kh1 h5 35. Rc8 Qf4 36. Rbc1 Rxb7 37. Bxb7 Qd2 38. R8c2 Qa5 39. Bc8 Kf6 40. Rc6 Qxa2 41. Rxa6 Qd2 42. Rxe6+ Kg5 43. Rce1 Kf4 44. Kh2 Kg5 45. R6e5+ Kh6 46. Rxe7 Qd8 47. Bd7 Qb8+ 48. Kh1 1-0

[Event "IRI-ch Online"]
[Site "Chess.com INT"]
[Date "2021.03.17"]
[Round "7"]
[White "Salar, Milad"]
[Black "Asbahi, Mohammad"]
[Result "0-1"]
[WhiteElo "2252"]
[BlackElo "2014"]
[PlyCount "102"]
[EventDate "2021.03.15"]
[EventType "swiss (rapid)"]
[EventRounds "11"]
[EventCountry "IRI"]
[SourceTitle "CBM 201 Extra"]
[Source "ChessBase"]
[SourceDate "2021.05.31"]
[SourceVersion "1"]
[SourceVersionDate "2021.05.31"]
[SourceQuality "1"]

1. e4 e5 2. Nf3 Nc6 3. Bb5 a6 4. Ba4 Nf6 5. d3 b5 6. Bb3 Bc5 7. Nc3 h6 8. Nd5 d6 9. c3 Be6 10. d4 exd4 11. cxd4 Bxd5 12. exd5 Bb4+ 13. Kf1 Ne7 14. Nh4 Qd7 15. h3 Nf5 16. Nf3 0-0 17. g4 Ne7 18. g5 hxg5 19. Nxg5 Qf5 20. Rg1 Ne4 21. Nxe4 Qxe4 22. Bc2 Qxd5 23. Bh6 Ng6 24. Be3 Rae8 25. Rxg6 Rxe3 26. Rxg7+ Kxg7 27. Qg4+ Kf6 28. Qf4+ Ke7 29. Qxe3+ Kd8 30. Be4 Qh5 31. Bc6 Qf5 32. Rc1 Rh8 33. Bg2 Re8 34. Qf3 Qxf3 35. Bxf3 Ba5 36. h4 Bb6 37. Rd1 Rh8 38. h5 Ke7 39. Kg2 Kf6 40. Kg3 Kg5 41. Be2 Re8 42. f4+ Kf6 43. Kf3 Rh8 44. Ke4 Re8+ 45. Kf3 Rh8 46. Ke4 Re8+ 47. Kd3 Kf5 48. Rg1 Re4 49. Rh1 Rxd4+ 50. Kc2 Rxf4 51. h6 Bd4 0-1

[Event "IRI-ch Online"]
[Site "Chess.com INT"]
[Date "2021.03.15"]
[Round "1"]
[White "Salar, Milad"]
[Black "Malekzadeh, Mohammad"]
[Result "1-0"]
[WhiteElo "2252"]
[BlackElo "1752"]
[PlyCount "69"]
[EventDate "2021.03.15"]
[EventType "swiss (rapid)"]
[EventRounds "11"]
[EventCountry "IRI"]
[SourceTitle "CBM 201 Extra"]
[Source "ChessBase"]
[SourceDate "2021.05.31"]
[SourceVersion "1"]
[SourceVersionDate "2021.05.31"]
[SourceQuality "1"]

1. e4 c6 2. d4 d5 3. e5 Bf5 4. h4 h5 5. Bd3 Bxd3 6. Qxd3 Qa5+ 7. Nd2 Qa6 8. c4 e6 9. Ngf3 Ne7 10. 0-0 Nf5 11. b3 Be7 12. g3 Nd7 13. Qc2 0-0 14. Re1 Rac8 15. c5 b6 16. b4 bxc5 17. bxc5 Rb8 18. Bb2 Rb7 19. Bc3 Rfb8 20. Rab1 Rxb1 21. Rxb1 Qc8 22. Rb3 f6 23. exf6 Bxf6 24. Qd3 Rxb3 25. Nxb3 Qe8 26. Qa6 Qa8 27. Na5 Nxc5 28. dxc5 Bxc3 29. Nxc6 Qf8 30. Nce5 Qe8 31. c6 Bxe5 32. Nxe5 Nd6 33. c7 Nc8 34. Nc6 Qd7 35. Qxc8+ 1-0

[Event "Ghaem Cup 1st"]
[Site "Qaem Shahr"]
[Date "2019.04.25"]
[Round "8"]
[White "Salar, Milad"]
[Black "Mosadeghpour, Masoud"]
[Result "1/2-1/2"]
[WhiteElo "2249"]
[BlackElo "2534"]
[PlyCount "99"]
[EventDate "2019.04.20"]
[EventType "swiss"]
[EventRounds "9"]
[EventCountry "IRI"]
[SourceTitle "CBM 190 Extra"]
[Source "ChessBase"]
[SourceDate "2019.07.15"]
[SourceVersion "1"]
[SourceVersionDate "2019.07.15"]
[SourceQuality "1"]

1. e4 e5 2. Nf3 Nc6 3. Bb5 a6 4. Ba4 Nf6 5. 0-0 Be7 6. Re1 b5 7. Bb3 0-0 8. h3 d6 9. c3 Na5 10. Bc2 c5 11. d4 cxd4 12. cxd4 Qc7 13. Nc3 Bb7 14. a3 Rac8 15. Bd3 h6 16. Re2 Rfe8 17. d5 Nd7 18. Nh2 Qb6 19. Re3 Qd8 20. Ng4 Bg5 21. Rg3 Bxc1 22. Rxc1 Kh7 23. Qf3 Rf8 24. Qf5+ Kh8 25. Qh5 Nf6 26. Nxf6 Qxf6 27. Rf1 Nb3 28. Ne2 Nd2 29. Rd1 Nc4 30. Rb1 Kh7 31. Qg4 Rc7 32. Bxc4 Rxc4 33. Nc3 Bc8 34. Qe2 Qh4 35. Rd3 f5 36. f3 Bd7 37. b3 Rcc8 38. Nd1 Rf6 39. Qf2 Qg5 40. h4 Qh5 41. Qa7 Qf7 42. Rc3 Rxc3 43. Nxc3 Rg6 44. Rb2 fxe4 45. Nxe4 Qxf3 46. Ng5+ Rxg5 47. hxg5 Qd1+ 48. Kh2 Qh5+ 49. Kg1 Qxg5 50. Qxd7 1/2-1/2

[Event "Ghaem Cup 1st"]
[Site "Qaem Shahr"]
[Date "2019.04.21"]
[Round "2"]
[White "Salar, Milad"]
[Black "Li, Bo"]
[Result "0-1"]
[WhiteElo "2249"]
[BlackElo "2324"]
[PlyCount "82"]
[EventDate "2019.04.20"]
[EventType "swiss"]
[EventRounds "9"]
[EventCountry "IRI"]
[SourceTitle "CBM 190 Extra"]
[Source "ChessBase"]
[SourceDate "2019.07.15"]
[SourceVersion "1"]
[SourceVersionDate "2019.07.15"]
[SourceQuality "1"]

1. e4 c5 2. Nf3 d6 3. d4 cxd4 4. Nxd4 Nf6 5. Nc3 a6 6. Bg5 e6 7. f4 Be7 8. Qf3 Qc7 9. 0-0-0 Nbd7 10. f5 e5 11. Nde2 b5 12. Bxf6 Nxf6 13. Nd5 Nxd5 14. exd5 Qc5 15. Ng3 Bg5+ 16. Kb1 Qe3 17. Qg4 Qf4 18. Be2 Qxg4 19. Bxg4 Ke7 20. Ne4 h5 21. Bh3 f6 22. Rhf1 Rf8 23. Rf3 Bd7 24. g3 a5 25. Bf1 Rac8 26. Be2 Bh6 27. Rdf1 Be8 28. Rc3 Rxc3 29. Nxc3 b4 30. Ne4 g6 31. g4 hxg4 32. Bxg4 Bf4 33. Nf2 Rh8 34. h3 gxf5 35. Bxf5 Bd7 36. Bxd7 Kxd7 37. Rg1 Rh7 38. Ne4 Ke7 39. Rg6 Rxh3 40. c4 Re3 41. Nf2 Re1+ 0-1

[Event "Karoun Masters Cup 6th"]
[Site "Ahvaz"]
[Date "2019.02.22"]
[Round "3"]
[White "Salar, Milad"]
[Black "Lorparizangeneh, Shahin"]
[Result "0-1"]
[WhiteElo "2256"]
[BlackElo "2493"]
[PlyCount "100"]
[EventDate "2019.02.21"]
[EventType "swiss"]
[EventRounds "9"]
[EventCountry "IRI"]
[SourceTitle "CBM 189 Extra"]
[Source "ChessBase"]
[SourceDate "2019.06.03"]
[SourceVersion "1"]
[SourceVersionDate "2019.06.03"]
[SourceQuality "1"]

1. e4 e5 2. Nf3 Nc6 3. Bb5 a6 4. Ba4 Nf6 5. 0-0 Be7 6. Re1 b5 7. Bb3 d6 8. c3 0-0 9. h3 Nb8 10. d4 Nbd7 11. Nbd2 Bb7 12. Bc2 Re8 13. Nf1 Bf8 14. Ng3 g6 15. a4 c5 16. d5 c4 17. Bg5 Nc5 18. Qd2 Be7 19. Ra3 Nfd7 20. Bxe7 Qxe7 21. Nh2 Qh4 22. Ng4 Nb6 23. Re3 Qg5 24. Qd1 Bc8 25. a5 Nba4 26. Ra2 Rf8 27. Rf3 Kh8 28. Nf6 Nd7 29. Ng4 Nac5 30. Ra1 Rb8 31. Qe2 h5 32. Ne3 Nf6 33. Ra2 h4 34. Ngf1 Nfxe4 35. Bxe4 Nxe4 36. Nxc4 bxc4 37. Qxe4 f5 38. Qxc4 e4 39. Re3 f4 40. Rxe4 Bxh3 41. g3 Bxf1 42. Kxf1 fxg3 43. Rxh4+ Kg8 44. b4 gxf2 45. Rxf2 Rxf2+ 46. Kxf2 Rf8+ 47. Ke2 Qg2+ 48. Ke1 Qg1+ 49. Kd2 Rf2+ 50. Ke3 Qe1+ 0-1

[Event "Bandar e Anzali Khazar Cup 16th"]
[Site "Bandar e Anzali"]
[Date "2018.03.05"]
[Round "8"]
[White "Darini, Pouria"]
[Black "Salar, Milad"]
[Result "1-0"]
[WhiteElo "2497"]
[BlackElo "2164"]
[PlyCount "85"]
[EventDate "2018.02.27"]
[EventType "swiss"]
[EventRounds "9"]
[EventCountry "IRI"]
[SourceTitle "CBM 183 Extra"]
[Source "ChessBase"]
[SourceDate "2018.04.19"]
[SourceVersion "1"]
[SourceVersionDate "2018.04.19"]
[SourceQuality "1"]

1. e4 c5 2. Nf3 d6 3. d4 cxd4 4. Nxd4 Nf6 5. Nc3 a6 6. h3 e6 7. g4 Nfd7 8. Bg2 Be7 9. g5 Nc6 10. h4 Qc7 11. h5 b5 12. a4 b4 13. Nce2 Nc5 14. Nxc6 Qxc6 15. Nd4 Qc7 16. Bd2 Bb7 17. Qe2 0-0 18. 0-0 Rac8 19. Qg4 a5 20. b3 Rfe8 21. Rad1 Bf8 22. g6 hxg6 23. hxg6 fxg6 24. Qxg6 Qf7 25. Qg4 Nd7 26. Rfe1 Nf6 27. Qg3 Nh5 28. Qg4 Nf6 29. Qh4 e5 30. Nf5 Rxc2 31. Bg5 d5 32. exd5 Nxd5 33. Be4 g6 34. Nd6 Bxd6 35. Bxc2 Bc5 36. Be4 Rf8 37. Rd2 Bd4 38. Bh6 Bc3 39. Bxf8 Bxd2 40. Rd1 Nf4 41. Rxd2 Bxe4 42. Rd8 Ne6 43. Bg7+ 1-0

[Event "Bandar e Anzali Khazar Cup 16th"]
[Site "Bandar e Anzali"]
[Date "2018.03.03"]
[Round "6"]
[White "Salar, Milad"]
[Black "Tutisani, Noe"]
[Result "1/2-1/2"]
[WhiteElo "2164"]
[BlackElo "2394"]
[PlyCount "98"]
[EventDate "2018.02.27"]
[EventType "swiss"]
[EventRounds "9"]
[EventCountry "IRI"]
[SourceTitle "CBM 183 Extra"]
[Source "ChessBase"]
[SourceDate "2018.04.19"]
[SourceVersion "1"]
[SourceVersionDate "2018.04.19"]
[SourceQuality "1"]

1. e4 e5 2. Nf3 Nc6 3. Bb5 a6 4. Ba4 Nf6 5. 0-0 Bc5 6. Bxc6 dxc6 7. Nxe5 Nxe4 8. Qe2 Qd5 9. Nd3 0-0 10. Nxc5 Nxc5 11. Nc3 Qd8 12. d3 Ne6 13. Be3 c5 14. Qf3 Nd4 15. Bxd4 cxd4 16. Ne4 Bd7 17. Qf4 Bc6 18. Nd2 Qd7 19. Nf3 Rad8 20. Rfe1 f6 21. Re2 Rf7 22. h4 Qd6 23. Qxd6 Rxd6 24. Nd2 Rd5 25. Nb3 a5 26. a4 b6 27. Re6 Bd7 28. Re4 c5 29. Nd2 f5 30. Ree1 f4 31. Nf3 Rf6 32. b3 Kf8 33. Re5 Rxe5 34. Nxe5 Ke7 35. Nc4 Re6 36. Kf1 Kd8 37. Re1 Kc7 38. Rxe6 Bxe6 39. Ke2 Bd5 40. f3 Kc6 41. Ne5+ Kd6 42. Ng4 Bc6 43. Nf2 b5 44. axb5 Bxb5 45. Ne4+ Kd5 46. Kd2 Be8 47. Ke2 Bc6 48. Kd2 h6 49. Ke2 Be8 1/2-1/2

[Event "Bandar e Anzali Khazar Cup 16th"]
[Site "Bandar e Anzali"]
[Date "2018.02.27"]
[Round "1"]
[White "Salar, Milad"]
[Black "Daneshvar, Bardiya"]
[Result "1/2-1/2"]
[WhiteElo "2164"]
[BlackElo "2355"]
[PlyCount "33"]
[EventDate "2018.02.27"]
[EventType "swiss"]
[EventRounds "9"]
[EventCountry "IRI"]
[SourceTitle "CBM 183 Extra"]
[Source "ChessBase"]
[SourceDate "2018.04.19"]
[SourceVersion "1"]
[SourceVersionDate "2018.04.19"]
[SourceQuality "1"]

1. e4 c6 2. d4 d5 3. e5 Bf5 4. h4 h5 5. Bd3 Bxd3 6. Qxd3 e6 7. Bg5 Qa5+ 8. Nd2 Qa6 9. c4 Be7 10. Ne2 Nd7 11. Qc2 Bxg5 12. hxg5 Ne7 13. g4 c5 14. f4 0-0-0 15. gxh5 Kb8 16. Rh3 cxd4 17. Nxd4 1/2-1/2

[Event "Hamedan op"]
[Site "Hamedan"]
[Date "2017.08.17"]
[Round "9"]
[White "Bagheri, Maziar"]
[Black "Salar, Milad"]
[Result "0-1"]
[WhiteElo "2313"]
[BlackElo "2114"]
[PlyCount "76"]
[EventDate "2017.08.12"]
[EventType "swiss"]
[EventRounds "11"]
[EventCountry "IRI"]
[SourceTitle "CBM 180 Extra"]
[Source "ChessBase"]
[SourceDate "2017.10.06"]
[SourceVersion "1"]
[SourceVersionDate "2017.10.06"]
[SourceQuality "1"]

1. Nf3 Nf6 2. c4 g6 3. Nc3 Bg7 4. e4 d6 5. d4 0-0 6. Be2 e5 7. 0-0 Na6 8. Re1 Qe8 9. d5 Nc5 10. Qc2 a5 11. Bf1 Nh5 12. Qd1 f5 13. exf5 gxf5 14. Nb5 Na6 15. a4 Nf6 16. c5 Qd8 17. cxd6 cxd6 18. Nd2 Nb4 19. Nc4 Ra6 20. Bg5 Qd7 21. Nc3 Qf7 22. Na3 Ra8 23. Nab5 Ra6 24. Bc4 Kh8 25. Rc1 Rg8 26. Na3 Ra8 27. Ncb5 Ne4 28. Be3 f4 29. Bb6 Ra6 30. Bxa5 Nxf2 31. Kxf2 Rxa5 32. Qd2 e4 33. Qxb4 e3+ 34. Kg1 f3 35. Rxe3 Bd4 36. Nxd4 Rxg2+ 37. Kh1 Rxh2+ 38. Kxh2 Qf4+ 0-1